000 01133naa a22002897a 4500
001 BR6900202
003 BR-BrBNA
005 20240918173344.0
007 ta
008 230509b bl.||||| |||| 00| 0 por d
040 _aBR-BrBNA
_bpor
_cBiblioteca Nacional de Agricultura
041 _a(Pt)
072 _aH70
_b0120
090 _aH70 BR6900202
100 1 _aWiendl, F.M.
111 1 _a2. Reuniao Anual da Sociedade Brasileira de Entomologia
_cRecife, PE (Brazil)
_d1 Dec 1969
245 1 _aInfluencia da "dose rate" das radiacoes gama na longevidade de Sitophilus zeamais (Mots)(Coleoptera, Curculionidae)[Produto armazenado; Milho]
260 3 _aRecife, PE (Brasil):
_c1969.
500 _aResumos da 2. Reuniao Anual da Sociedade Brasileira de Entomologia Recife, PE (Brasil): 1969. p. 79 (BR6900202-AM)H70
650 _aProduto armazenado
650 _aMilho
650 _aGorgulho dos cereais
650 _aRaio gama
773 0 _tResumos da 2. Reuniao Anual da Sociedade Brasileira de Entomologia
_wH70 BR6900202
_gRecife, PE (Brasil), 1969. p. 79
909 _a202404
_bLucia
_c55
_dLucia Elande
942 _cAM
_2AGRIS
999 _c304138
_d304138